000 02078nam0a2200385 4500
001 RU\NLR\BIBL_A\011306260
005 201701310509
010 _a978-5-94887-120-2
_93000
021 _aRU
_b2016-96116
_96368
035 _a(NLR Aleph) 011306260
035 _a(NILC)LIBNET\0000730752
035 _aRU/RGDB/BIBL/0000460071
090 _a10997819
_c10997819
100 _a20170110d2017 d y0rusy50 ca
101 0 _arus
102 _aRU
105 _aa|||z|||000ay
200 1 _aПривидение, которое хрустело печеньем, и другие сказки-рассказки
_e[для детей среднего школьного возраста]
_fГригорий Кружков
_gрис. Георгий Мурышкин
210 _aМосква
_cОктопус
_d2017
_d[т.е. 2016]
215 _a78, [1] с.
_cцв. ил.
_d24
300 _aКн. фактически изд. в 2016 г.
327 1 _aСодерж.: Привидение, которое хрустело печеньем; Про Комариного царя и Лягушку-Царевну; Путешествие Мармелана; Как Совёнок в себе заблудился; Откуда взялись птицы; Откуда взялись неволшебы; Откуда взялись чемоданы с ножками; Откуда взялась пятёрка у старушки; Главный закон природы; Неуловимый Джо; Сказ про деда Остапа
333 _a12+
686 _a84Р6-44
_vТаблицы для детских и школьных библиотек
_2rubbk
686 0 _aШ9(2)62=Р7-2
700 1 _aКружков
_bГ. М.
_f1945-
_gГригорий Михайлович
_3RU\NLR\AUTH\7732372
702 1 _aМурышкин
_bГ. В.
_gГеоргий В
_4440
801 0 _aRU
_bРГДБ
_c20161215
801 1 _aRU
_bРГДБ
_c20161215
942 _cBOOK
980 _aNBR
980 _aNB